000 00314nam a22001337a 4500
008 180924b xxu||||| |||| 00| 0 eng d
020 _a9780323024082
041 _aeng
080 _24 ED
_a615
100 _a5
101 _aFAR
245 _aPharmacology And The Nusrsing Process
_cLilley.H
942 _2udc
_cBK
999 _c48304
_d48304